000
00215 a2200097 4500
001
32581
100
_a
Evans, H
245
_a
Downing street diary
260
_a
London
_b
Hodder & Stoughton
_c
090
_c
21797
_d
21797
942
_a
NUST-CAE
_c
M
_c
13110
999
_c
267654
_d
267654